Slovenské poľnonákupy hľadajú spôsob, ako prežiť

Z obsahu: Zamestnanosť v agrárnom sektore klesla za štyri roky o viac ako polovicu. Svojpomocné poisťovacie spolky v Maďarsku.

Gespeichert in:
Bibliographische Detailangaben
Format: Buchkapitel
Sprache:Slowakisch
Schlagworte:
Tags: Tag hinzufügen
Keine Tags, Fügen Sie das erste Tag hinzu!

MARC

LEADER 00000naa a2200000 4500
001 r019583
005 20221213101055.3
041 0 |a slo 
044 |a SK 
245 1 0 |a Slovenské poľnonákupy hľadajú spôsob, ako prežiť 
520 |a Z obsahu: Zamestnanosť v agrárnom sektore klesla za štyri roky o viac ako polovicu. Svojpomocné poisťovacie spolky v Maďarsku. 
610 2 0 |a poľnohospodárstvo 
610 2 0 |a financovanie 
610 2 0 |a privatizácia 
610 2 0 |a úver bankový 
610 2 0 |a zamestnanosť